Datum a čas kvízu
31.5
Celkem bodů
Celkový počet nahraných bodů na tomto kvízu bez doplňovacích otázek.
6.
Pořadí na kvízu
Konečné umístění týmu na tomto kvízu.
Zaznamenané odpovědi
| # | Otázka | Odpověď | Body | Výsledky |
|---|---|---|---|---|
| 1. | Pro tvůrce aktuálních otázek z... | odchyt volně se pohybujících krav | 1 | |
| 2. | Minulý týden proběhla médii zp... | v Benátkách | 0 | |
| 3. | Ve čtvrtek měl premiéru český... | Kryštof Hádek, Vladimír Pokorný | 0 | |
| 4. | Jeden český státní podnik, kte... | České dráhy | 0 | |
| 5. | Rakouský 22letý skokan na lyží... | Skákal téměř nahý (pouze v plavkách typu „Borat“). | 0 | |
| 6. | Budeme se zabývat pěti filmy,... | Elijah Wood, Pán prstenů: Dvě věže | 0.5 | |
| 7. | Film Mr. & Mrs. Smith, něk... | B) John a Jane | 1 | |
| 8. | Romantické drama Paní Bovaryov... | Gustave Flaubert | 0 | |
| 9. | Děj bláznivé sci-fi komedie Za... | Oldřich Lipský, Petr Čepek | 0 | |
| 10. | V roce 2009 vznikl animovaný f... | Lišák | 1 |